Informe anual de labores 2008 [del Tribunal Superior de Justicia del Estado de Tabasco] /
Guardat en:
| Autor corporatiu: | |
|---|---|
| Altres autors: | |
| Format: | Llibre |
| Idioma: | espanyol |
| Matèries: | |
| Etiquetes: |
Sense etiquetes, Sigues el primer a etiquetar aquest registre!
|
MARC
| LEADER | 00000nam^a2200000^a^4500 | ||
|---|---|---|---|
| 001 | 000286253 | ||
| 005 | 20250521000000.0 | ||
| 009 | 20260526134746.019 | ||
| 037 | |a Acervo ITESO - Biblioteca | ||
| 041 | |a ESP | ||
| 082 | |a 347. 7263 |b TAB PJE 2008 | ||
| 110 | |a Tabasco. |b Poder Judicial. Presidente. 2007- (Campos Montejo) | ||
| 245 | 1 | 0 | |a Informe anual de labores 2008 [del Tribunal Superior de Justicia del Estado de Tabasco] / |c R. Campos Montejo. |
| 264 | |a Villahermosa, México : |b Poder Judicial del Estado de Tabasco, Consejo de la Judicatura, |c ca. 2008 | ||
| 300 | |a 126 p. | ||
| 336 | |a texto |b txt |2 rdacontenido | ||
| 337 | |a sin mediación |b n |2 rdamedio | ||
| 338 | |a volumen |b nc |2 rdasoporte | ||
| 649 | |a XX | ||
| 650 | |a Tribunales - |z Tabasco | ||
| 650 | |a Tribunales - |z México | ||
| 650 | |a Poder Judicial - |z Tabasco - |x Informes - |x Tema Principal | ||
| 650 | |a Poder Judicial - |z México - |x Informes | ||
| 650 | |a Justicia - |x Administración - |z Tabasco - |x Informes | ||
| 650 | |a Justicia - |x Administración - |z México - |x Informes | ||
| 650 | |a Derecho - |z Tabasco | ||
| 650 | |a Derecho - |z México | ||
| 700 | |a Campos Montejo, Rodolfo |e (autor) | ||
| 910 | |a Fondo General | ||
| 920 | |a Impresos - Libros | ||
| 930 | |a Colección General | ||
| 905 | |a 101 | ||
| 901 | |a 0500173160 |b IT1 |c ACC |u 20250521 | ||
| 902 | |a https://opac.biblio.iteso.mx/vufind/Record/000286253 | ||